000 00316nam a2200133Ia 4500
008 240624s9999 xx 000 0 und d
041 _aeng
082 _a891.46 SAN
100 _aGURUJI SAANE
245 _aGOD SHEVAT MARATHI
260 _c2011
_aKolhapur
_bRiya Publications
300 _a264 p.
365 _cRS
_b25
999 _c30172
_d30172